000 01159njm a22002777a 4500
005 20100915110054.0
007 sd ammalaaahaa
008 100913t xxu||||| |||| 00| 0 hin d
028 _a2253 007
_bPolydor
035 _aGR-02681
040 _aSED/VEN
100 _aMangeskar, Lata
_91184
245 _aJulie /
_cby Lata Mangeskar...[et.al] ; music by Rajesh Rohan lyrics by Anand Bakshi
_h[sound recording] :
246 _aजुली /
260 _aDum Dum India
_bPolydor
_c1975
300 _a1 sound disc [Gramophone record] :
_banalog, 45 1/3 rpm
_c7.5 in. (SP)
_fGramophone Record
500 _aBrief Record
500 _aRecord label :Polydor, Red
505 _aSide-१दिल क्या करे (Dil Kya kare ) Side 2 भूल गए सुब कुछ ( Bhool gaye sub kuchh) भूल गए सुब कुछ ()
600 _aMangeskar, Lata
_919992
650 _aHindi Film Songs
_xExcerpts
_zIndia
_919603
700 _919604
_aRajesh Roshan
700 _919605
_aBakshi,Anand
942 _2ddc
_cGR
999 _c45885
_d45885